000 00384nam a2200133Ia 4500
008 171207s9999 xx 000 0 und d
100 _aArditi, David
245 _aUnderstanding copyright: Intellectual property in the digital age
245 _cDavid Arditi
260 _c2017
300 _apages 1148-1150, July 2017
440 _aNew Media & Society
_v19:7
650 _aCopyright
999 _c347672
_d347672